000 00500nam a22001577a 4500
003 macl
005 20190601121844.0
008 190601b xxu||||| |||| 00| 0 eng d
040 _cmacl
082 _a403
100 _aआप्‍टे वामन शिवराम
_934717
245 _aसंस्‍कृत हिन्‍दी शब्‍दकोश
260 _aदिल्‍ली
_bअनिल प्रकाशन
_c2018
650 _aकोश
_975146
942 _2ddc
_cHIN
999 _c59980
_d59980